Quizzes
Events
Quiz Creation
Community
Videos
Private Events
Remove Ads
Sign In
Join for FREE
Feedback
Dark Mode
Quiz Categories
Sports
Geography
Music
Movies
Television
Just For Fun
Miscellaneous
History
Literature
Language
Science
Gaming
Entertainment
Religion
Holiday
For Kids
Quiz Lab
Recent
Popular Today
Quiz Kudos Today
Editor Picks
Curator Picks
Quizzes by...
Day
Popularity
Type
Ratings
Length
Year
Community
Subscriptions
Recent Discussions
Orange Saloon
Badges
Playlists
Quests
Create
Leaderboards
Showdown
Live 5
Trivia Bingo
Activity
Puzzle Library
Sporcle Events
Private Events
Virtual Trivia
Globe League
Become a Host
Pub Owners
SporcleCon
Opinionation
Our Games
Videos
Blog
Mobile Apps
Partnerships
Remove Ads and Go Orange
Feedback
Geography
Country
Landmarks
City
State
Population
World
Capital
Continent
Flags
Europe
Africa
Asia
South America
North America
Oceania
Border
Canada
United Kingdom
Topography
United States
Geography
Country
Landmarks
City
State
Population
World
Capital
Continent
Flags
Europe
Africa
Asia
South America
North America
Oceania
Border
Canada
United Kingdom
Topography
United States
Random Quiz
Search Sporcle
×
Quiz Lab
Quiz Lab
Geography
Country
Type in answers that appear in a list
Type in answers that appear in a list
Classic
Best Score? Go Orange.
European Countries 1900AD Stats
Can you name the European Countries 1900AD?
By
historybuff1861
3m
26 Questions
280 Plays
280 Plays
280 Plays
Comments
Comments
Give Quiz Kudos
Give Quiz Kudos
-
- Ratings
hide this ad
More Info
Replay
Link that replays current quiz
Next Quiz
Link to next quiz in quiz playlist
You Got
0%
They Got
Avg Score
79%
Avg Friend Score
Upgrade to see
Score Distribution
Jump to the score distribution portion of the page
Score
0/26
Timer
03:00
0
Plays Today
Country/Empire
% Correct
Great Britain
99.6%
Portugal
98.6%
Spain
98.6%
Norway-Sweden
97.1%
Russia
97%
Germany
94.6%
Austria-Hungary
93.6%
Denmark
93.2%
Italy
92.9%
France
92.1%
Belgium
91%
Greece
90.3%
Netherlands
90%
Country/Empire
% Correct
Switzerland
89.9%
Romania
85.4%
Ottoman Empire
83.6%
Luxembourg
82.8%
Bulgaria
81.4%
San Marino
79.9%
Andorra
78.7%
Serbia
77.9%
Liechtenstein
71.6%
Monaco
70.5%
Montenegro
50.4%
Crete
7.5%
Athos
0.7%
Quiz Playlist
Details
Report
Send in Message
Add To Playlist
More Info:
Only major countries if you would like me to add others just say so.
Classic:
Type in answers that appear in a list
Quiz Source
Last Updated: Feb 16, 2017
Quiz Scoreboard
CHALLENGE
Sign Up to Join the Scoreboard
Show All
Scores
Hide
Comments
May contain spoilers
Recently Published
Alphabetical 'K' Countries by Flag Minefield
by ylime102
Geography
3m
Pick 6: Fruits
by JohnFran
Miscellaneous
15s
Click the 1999 NBA Draft
by nibperrychub
Sports
2m
More to Explore
Quiz From the Vault
Featured Blog Post
15 Basketball Trivia Facts You Can Be March Mad About
hide this ad
You Might Also Like...
Tags
Country Quiz
Europe Quiz
Nation Quiz
empire
Today's Top Quizzes in Geography
Browse Geography
hide this ad
Today's Top Quizzes in Country
Browse Country
Top Contributed Quizzes in Geography
1
Countries of the World - No Outlines Minefield
2
Pick 6: Mountains
3
Lietuvos savivaldybės (Lithuanian Municipalities)
4
Alphabetical 'L' Countries By Flag Minefield
5
Least Populated Answer: 'G' Countries
6
Alphabetical 'M' Countries By Flag Minefield
7
Pick 6: National Parks
8
Pick 6: US States
9
African Flag Reveal XXXVI
10
Find the Landmarks A-Z
Explore More
Trending Topics
Crossword
Disney
Marvel
NBA
Harry Potter
Kpop
Anime
The Office
Soccer
Puzzle
NFL
Pokémon
Song
WWE
Country
hide this ad
More By:
historybuff1861
Quiz
Plays
Rating
Category
Featured
Created
Geography Quiz: Easy
1,463
3.33
Geography
Oct 6, 2011
Famous American Civil War Generals
993
1.80
History
Oct 29, 2010
European countries 1000AD
513
2.75
Geography
Feb 12, 2012
Arab Spring Countries
469
2.80
History
May 23, 2012
Call of Duty Black ops Weapon Countries
386
3.80
Gaming
Jun 20, 2011
Go to Creator's Profile
Score Distribution
Quiz Creator Spotlight
historybuff1861
Follow
Send a Message
Quizzes Created
-
Created Quiz Play Count
-
More By This Creator
Popular Quizzes Today
1
Countries of Asia Without Outlines Minefield
2
Find the US States - No Outlines Minefield
3
Pick 6: Fruits
4
Alphabetical 'K' Countries by Flag Minefield
5
The Countries of the World
6
Find the US States
7
US States
8
Match the Book to the Film X
More Geography Quizzes
Big Country or Little Neighbors
Published
Trending Quizzes
Pick 6: Mountains
Pick 6: Harry Potter
Pick 6: NFL Teams
Pick 6: Movie Franchises
Pick 6: Golfers
Recently Updated
NWSL Teams
pecheneg
Women's Final Four Teams by Year
bhenderson79
Presidents Quartet II
eogle
Anything But Clue(do)
eogle
Anything But Oceanian Capitals
eogle
Anything But 7
eogle
Anything But Thing
eogle
Word Ladder: February 29
pecheneg
Song Title Questions
pecheneg
Women's NCAA Tournament #1 Seeds
pecheneg
Trending Topics
Anime
Disney
Marvel
Harry Potter
NBA
Crossword
Kpop
WWE
Soccer
NFL
Puzzle
Country
Pokémon
The Office
Song
Your Account Isn't Verified!
In order to create a playlist on Sporcle, you need to verify the email address you used during registration. Go to your
Sporcle Settings
to finish the process.
Report this User
Report this user for behavior that violates our
Community Guidelines
.
Details:
Send Report
Go to the Sporcle.com Mobile Site →
Comments